[Event "Asian-ch Seniors zt 50 3.1"]
[Site "Chess.com INT"]
[Date "2020.07.13"]
[Round "7.1"]
[White "Aboudi, Marwan"]
[Black "Asaad, Salah"]
[Result "0-1"]
[WhiteElo "2061"]
[BlackElo "2085"]
[PlyCount "88"]
[EventDate "2020.07.13"]
[EventType "swiss"]
[EventRounds "7"]
[EventCountry "JOR"]
[SourceTitle "EXT 2024"]
[Source "ChessBase"]
[SourceDate "2023.10.10"]
[SourceVersion "1"]
[SourceVersionDate "2023.10.10"]
[SourceQuality "1"]

1. d4 Nf6 2. Nf3 g6 3. Nc3 d5 4. Bf4 Bg7 5. Nb5 Na6 6. e3 c6 7. Na3 Nc7 8. h3 0-0 9. Be2 Re8 10. 0-0 Ne4 11. c4 Ne6 12. Bh2 a6 13. cxd5 cxd5 14. Qb3 N6g5 15. Nxg5 Nxg5 16. Rac1 Ne4 17. Rfd1 b5 18. Nc2 Nd6 19. Nb4 e6 20. Nd3 Nc4 21. Qc2 Bb7 22. b3 Nd6 23. Qc7 Bf8 24. Bxd6 Bxd6 25. Qxb7 Qh4 26. Qc6 Rad8 27. Qxa6 h5 28. Qxb5 g5 29. Ne5 g4 30. hxg4 hxg4 31. Nxg4 Kh8 32. Bf3 Kg7 33. Kf1 Rh8 34. Ke2 Ra8 35. Rh1 Rxa2+ 36. Kd3 Qd8 37. Rxh8 Qxh8 38. Qd7 Qh7+ 39. e4 Bf4 40. Rc6 Qh1 41. Ne3 Qb1+ 42. Kc3 Bxe3 43. fxe3 Qe1+ 44. Kd3 Qd2# 0-1

[Event "Asian-ch Seniors zt 50 3.1"]
[Site "Chess.com INT"]
[Date "2020.07.13"]
[Round "4.3"]
[White "Asaad, Salah"]
[Black "Hammoudeh, Ismail"]
[Result "0-1"]
[WhiteElo "2085"]
[BlackElo "2022"]
[PlyCount "110"]
[EventDate "2020.07.13"]
[EventType "swiss"]
[EventRounds "7"]
[EventCountry "JOR"]
[SourceTitle "EXT 2024"]
[Source "ChessBase"]
[SourceDate "2023.10.10"]
[SourceVersion "1"]
[SourceVersionDate "2023.10.10"]
[SourceQuality "1"]

1. e4 d6 2. d4 e5 3. dxe5 dxe5 4. Qxd8+ Kxd8 5. Nf3 f6 6. Be2 Be6 7. c3 Nd7 8. 0-0 c6 9. Rd1 Kc7 10. Be3 Nh6 11. h3 Nf7 12. Nbd2 Bc5 13. Nf1 Nd6 14. N3d2 Bxe3 15. Nxe3 Nc5 16. f3 a5 17. Nb3 Nxb3 18. axb3 Bxb3 19. Rd2 Be6 20. Kf2 Rhd8 21. Rdd1 b6 22. g4 Nb5 23. Bxb5 Rxd1 24. Rxd1 cxb5 25. h4 Rd8 26. Rxd8 Kxd8 27. Ke2 Kc7 28. Kd3 Kc6 29. Kc2 Bc4 30. Kd2 Kc5 31. g5 Be6 32. Kc2 b4 33. cxb4+ Kxb4 34. Kc1 Kc5 35. Kd2 Kd4 36. Nc2+ Kc4 37. Ne3+ Kb3 38. Kc1 b5 39. Nd5 fxg5 40. hxg5 Bh3 41. f4 Bg2 42. fxe5 Bxe4 43. Nc3 Bc6 44. Ne2 Kc4 45. Nf4 Kd4 46. g6 hxg6 47. Nxg6 Be8 48. Ne7 Kxe5 49. Kd2 g5 50. Ke3 a4 51. Nc8 Kd5 52. Nb6+ Kc5 53. Nc8 b4 54. Ne7 a3 55. bxa3 bxa3 0-1